नया विधान (Record no. 101006)

MARC details
000 -LEADER
fixed length control field 01087nam a2200289Ia 4500
003 - CONTROL NUMBER IDENTIFIER
control field OSt
005 - DATE AND TIME OF LATEST TRANSACTION
control field 20220916110915.0
008 - FIXED-LENGTH DATA ELEMENTS--GENERAL INFORMATION
fixed length control field 220915b |||||||| |||| 00| 0 hin d
020 ## - INTERNATIONAL STANDARD BOOK NUMBER
International Standard Book Number 9788189859268 (hbk)
037 ## - SOURCE OF ACQUISITION
Terms of availability Textbook
040 ## - CATALOGING SOURCE
Language of cataloging hin
Original cataloging agency ARTS
Transcribing agency ARTS
041 ## - LANGUAGE CODE
Language code of text/sound track or separate title hin
100 ## - MAIN ENTRY--PERSONAL NAME
Personal name चट्टोपाध्याय, शरत्चन्द्र; शर्मा,
245 #0 - TITLE STATEMENT
Title नया विधान
246 ## - VARYING FORM OF TITLE
Title proper/short title Nayā vidhāna
260 ## - PUBLICATION, DISTRIBUTION, ETC.
Place of publication, distribution, etc. नयी
Name of publisher, distributor, etc. दिल्ली किताबघर प्रकाशन भारत
Date of publication, distribution, etc. 2007
300 ## - PHYSICAL DESCRIPTION
Extent 60पृ0
Dimensions cm.
650 ## - SUBJECT ADDED ENTRY--TOPICAL TERM
Topical term or geographic name entry element caxkyh lkfgR;
700 ## - ADDED ENTRY--PERSONAL NAME
Personal name ओमप्रकाश, संपा.
942 ## - ADDED ENTRY ELEMENTS (KOHA)
Classification part O157,3M76,43, 152P7
Koha item type Textbook
Source of classification or shelving scheme Colon Classification (CC)
Holdings
Withdrawn status Lost status Damaged status Not for loan Home library Current library Date acquired Source of acquisition Cost, normal purchase price Total Checkouts Full call number Barcode Date last seen Cost, replacement price Price effective from Koha item type
        Arts Library Arts Library 2022-09-16 405, 23/03/2009, Swaraj Prakashan 195.00   O157,3M76,43 152P7 AL1347884 2022-09-16 195.00 2022-09-16 Textbook
Copyright @ Delhi University Library System